Desarrollo de un modelo de gestión estratégica de desarrollo y formación continua en Hultec S.A
Zapisane w:
| 1. autor: | |
|---|---|
| Kolejni autorzy: | |
| Format: | Książka |
| Wydane: |
San José, C.R.
1996
|
| Hasła przedmiotowe: | |
| Etykiety: |
Dodaj etykietę
Nie ma etykietki, Dołącz pierwszą etykiete!
|
MARC
| LEADER | 00000nam a2200000Ia 4500 | ||
|---|---|---|---|
| 003 | 008188 | ||
| 005 | 20221231144231.0 | ||
| 008 | 140114s1996 cr a m 000 ||s d | ||
| 040 | |c cru CEDI | ||
| 090 | |a TFG 3654 | ||
| 100 | |a Clinton, Kattia |9 9475 | ||
| 245 | |a Desarrollo de un modelo de gestión estratégica de desarrollo y formación continua en Hultec S.A | ||
| 260 | |c 1996 |a San José, C.R. | ||
| 300 | |a [341] hojas : ilustraciones | ||
| 500 | |a Proyecto de graduación (licenciatura en ingeniería industrial)--Universidad de Costa Rica. Facultad de Ingeniería. Escuela de Ingeniería Industrial | ||
| 650 | |x HULTEC (COSTA RICA) - ADMINISTRACION |x ADMINISTRACION DE PERSONAL |9 9478 | ||
| 700 | |9 9477 |a Quesada, Laura | ||
| 942 | |c TFG | ||
| 999 | |c 18833 |d 18833 | ||
